<?xml version="1.0" encoding="UTF-8"?>
<record
    xmlns:xsi="http://www.w3.org/2001/XMLSchema-instance"
    xsi:schemaLocation="http://www.loc.gov/MARC21/slim http://www.loc.gov/standards/marcxml/schema/MARC21slim.xsd"
    xmlns="http://www.loc.gov/MARC21/slim">

  <leader>03382nam a22003137a 4500</leader>
  <controlfield tag="003">NALT</controlfield>
  <controlfield tag="005">20240329135758.0</controlfield>
  <controlfield tag="008">240307b        th ||||| |||| 00| 0 tha d</controlfield>
  <datafield tag="020" ind1=" " ind2=" ">
    <subfield code="a">9786167866529</subfield>
  </datafield>
  <datafield tag="040" ind1=" " ind2=" ">
    <subfield code="a">NALT</subfield>
  </datafield>
  <datafield tag="050" ind1=" " ind2=" ">
    <subfield code="a">QK 617</subfield>
    <subfield code="b">&#xE13;328&#xE2B; 2563</subfield>
  </datafield>
  <datafield tag="100" ind1="0" ind2=" ">
    <subfield code="a">&#xE13;&#xE31;&#xE10;&#xE10;&#xE34;&#xE0D;&#xE32; &#xE01;&#xE07;&#xE20;&#xE39;&#xE18;&#xE23;</subfield>
    <subfield code="9">63301</subfield>
  </datafield>
  <datafield tag="245" ind1="1" ind2="0">
    <subfield code="a">"&#xE40;&#xE2B;&#xE47;&#xE14;" &#xE43;&#xE19;&#xE20;&#xE32;&#xE04;&#xE2D;&#xE35;&#xE2A;&#xE32;&#xE19; /</subfield>
    <subfield code="c">&#xE13;&#xE31;&#xE10;&#xE10;&#xE34;&#xE0D;&#xE32; &#xE01;&#xE07;&#xE20;&#xE39;&#xE18;&#xE23;, &#xE01;&#xE33;&#xE44;&#xE25; &#xE40;&#xE23;&#xE35;&#xE22;&#xE19;&#xE2B;&#xE31;&#xE15;&#xE16;&#xE01;&#xE23;&#xE23;&#xE21;, &#xE02;&#xE27;&#xE31;&#xE0D;&#xE0A;&#xE19;&#xE01; &#xE2A;&#xE34;&#xE19;&#xE2A;&#xE27;&#xE19;&#xE41;&#xE15;&#xE07;, &#xE09;&#xE31;&#xE15;&#xE23;&#xE0A;&#xE31;&#xE22; &#xE2D;&#xE34;&#xE19;&#xE17;&#xE31;&#xE19;&#xE41;&#xE01;&#xE49;&#xE27;, &#xE19;&#xE34;&#xE1E;&#xE34;&#xE10;&#xE1E;&#xE19;&#xE18;&#xE4C; &#xE21;&#xE32;&#xE25;&#xE31;&#xE22;&#xE27;&#xE07;&#xE28;&#xE4C;&#xE2A;&#xE01;&#xE38;&#xE25;.</subfield>
  </datafield>
  <datafield tag="250" ind1=" " ind2=" ">
    <subfield code="a">&#xE1E;&#xE34;&#xE21;&#xE1E;&#xE4C;&#xE04;&#xE23;&#xE31;&#xE49;&#xE07;&#xE17;&#xE35;&#xE48; 1.</subfield>
  </datafield>
  <datafield tag="260" ind1=" " ind2=" ">
    <subfield code="a">&#xE01;&#xE23;&#xE38;&#xE07;&#xE40;&#xE17;&#xE1E;&#xE2F; :</subfield>
    <subfield code="b">&#xE2A;&#xE33;&#xE19;&#xE31;&#xE01;&#xE07;&#xE32;&#xE19;&#xE1E;&#xE31;&#xE12;&#xE19;&#xE32;&#xE40;&#xE28;&#xE23;&#xE29;&#xE10;&#xE01;&#xE34;&#xE08;&#xE08;&#xE32;&#xE01;&#xE10;&#xE32;&#xE19;&#xE0A;&#xE35;&#xE27;&#xE20;&#xE32;&#xE1E; (&#xE2D;&#xE07;&#xE04;&#xE4C;&#xE01;&#xE32;&#xE23;&#xE21;&#xE2B;&#xE32;&#xE0A;&#xE19;),</subfield>
    <subfield code="c">2563.</subfield>
  </datafield>
  <datafield tag="300" ind1=" " ind2=" ">
    <subfield code="a">32 &#xE2B;&#xE19;&#xE49;&#xE32; : </subfield>
    <subfield code="b">&#xE20;&#xE32;&#xE1E;&#xE1B;&#xE23;&#xE30;&#xE01;&#xE2D;&#xE1A;, </subfield>
    <subfield code="c">21 &#xE0B;&#xE21;.</subfield>
  </datafield>
  <datafield tag="505" ind1="0" ind2=" ">
    <subfield code="a">&#xE40;&#xE2B;&#xE47;&#xE14;&#xE43;&#xE19;&#xE0A;&#xE31;&#xE49;&#xE19; Ascomycetes --
&#xE2D;&#xE31;&#xE19;&#xE14;&#xE31;&#xE1A; Pezizales --
-&#xE27;&#xE07;&#xE28;&#xE4C; Puronemataceae --
&#xE40;&#xE2B;&#xE47;&#xE14;&#xE43;&#xE19;&#xE0A;&#xE31;&#xE49;&#xE19; Basidiomycetes --
&#xE2D;&#xE31;&#xE19;&#xE14;&#xE31;&#xE1A; Agaricales --
&#xE27;&#xE07;&#xE28;&#xE4C; Agaricaceae --
&#xE27;&#xE07;&#xE28;&#xE4C; Amanitaceae --
&#xE27;&#xE07;&#xE28;&#xE4C; Callistosporiaceae --
&#xE27;&#xE07;&#xE28;&#xE4C; Clavariaceae --
&#xE27;&#xE07;&#xE28;&#xE4C; Cortinariaceae --
&#xE27;&#xE07;&#xE28;&#xE4C; Entolomataceae --
&#xE27;&#xE07;&#xE28;&#xE4C; Gomphaceae --
&#xE27;&#xE07;&#xE28;&#xE4C; Hydnangiaceae --
&#xE27;&#xE07;&#xE28;&#xE4C; Hygrophoraceae --
&#xE27;&#xE07;&#xE28;&#xE4C; Hymenogastraceae --
&#xE27;&#xE07;&#xE28;&#xE4C; Incertae sedis --
&#xE27;&#xE07;&#xE28;&#xE4C; Lycoperdaceae --
&#xE27;&#xE07;&#xE28;&#xE4C; Lyophyllaceae --
&#xE27;&#xE07;&#xE28;&#xE4C; Mycenaceae --
&#xE27;&#xE07;&#xE28;&#xE4C; Omphalotaceae --
&#xE27;&#xE07;&#xE28;&#xE4C; Physalacriaceae --
&#xE27;&#xE07;&#xE28;&#xE4C; Psathyrellaceae --
&#xE27;&#xE07;&#xE28;&#xE4C; Schizophyllaceae --
&#xE27;&#xE07;&#xE28;&#xE4C; Thelephoraceae --
&#xE2D;&#xE31;&#xE19;&#xE14;&#xE31;&#xE1A; Auriculariales --
&#xE27;&#xE07;&#xE28;&#xE4C; Auriculariaceae --
&#xE2D;&#xE31;&#xE19;&#xE14;&#xE31;&#xE1A; Boletales --
&#xE27;&#xE07;&#xE28;&#xE4C; Boletaceae --
&#xE27;&#xE07;&#xE28;&#xE4C; Boletinellaceae --
&#xE27;&#xE07;&#xE28;&#xE4C; Sclerodermataceae --
&#xE27;&#xE07;&#xE28;&#xE4C; Suillaceae --
&#xE2D;&#xE31;&#xE19;&#xE14;&#xE31;&#xE1A; Xylariales --
&#xE27;&#xE07;&#xE28;&#xE4C; Hypoxylaceae --
&#xE2D;&#xE31;&#xE19;&#xE14;&#xE31;&#xE1A; Cantharelles --
&#xE27;&#xE07;&#xE28;&#xE4C; Hydnaceae --
&#xE2D;&#xE31;&#xE19;&#xE14;&#xE31;&#xE1A; Dacrymycetales --
&#xE27;&#xE07;&#xE28;&#xE4C; Dacrymycetaceae --
&#xE2D;&#xE31;&#xE19;&#xE14;&#xE31;&#xE1A; Geastrales --
&#xE27;&#xE07;&#xE28;&#xE4C; Geastraceae --
&#xE2D;&#xE31;&#xE19;&#xE14;&#xE31;&#xE1A; Hymenochaet pfes --
&#xE27;&#xE07;&#xE28;&#xE4C; Hymenochaetaccae --
&#xE2D;&#xE31;&#xE19;&#xE14;&#xE31;&#xE1A; Phallales --
&#xE27;&#xE07;&#xE28;&#xE4C; Phallaceae --
&#xE2D;&#xE31;&#xE19;&#xE14;&#xE31;&#xE1A; Polyporales --
&#xE27;&#xE07;&#xE28;&#xE4C; Polyporaceae --
&#xE2D;&#xE31;&#xE19;&#xE14;&#xE31;&#xE1A; Russulales --
&#xE27;&#xE07;&#xE28;&#xE4C; Auriscalpiaceae --
&#xE27;&#xE07;&#xE28;&#xE4C; Russulaceae --
&#xE27;&#xE07;&#xE28;&#xE4C; Stereaceae --
&#xE2D;&#xE31;&#xE19;&#xE14;&#xE31;&#xE1A; Thelephorales --
&#xE27;&#xE07;&#xE28;&#xE4C; Thelephoraceae.
</subfield>
  </datafield>
  <datafield tag="650" ind1=" " ind2="4">
    <subfield code="a">&#xE40;&#xE2B;&#xE47;&#xE14;</subfield>
    <subfield code="z">&#xE44;&#xE17;&#xE22; (&#xE20;&#xE32;&#xE04;&#xE15;&#xE30;&#xE27;&#xE31;&#xE19;&#xE2D;&#xE2D;&#xE01;&#xE40;&#xE09;&#xE35;&#xE22;&#xE07;&#xE40;&#xE2B;&#xE19;&#xE37;&#xE2D;)</subfield>
    <subfield code="9">63360</subfield>
  </datafield>
  <datafield tag="650" ind1=" " ind2="4">
    <subfield code="a">&#xE40;&#xE2B;&#xE47;&#xE14;</subfield>
    <subfield code="x">&#xE01;&#xE32;&#xE23;&#xE08;&#xE33;&#xE41;&#xE19;&#xE01;</subfield>
    <subfield code="9">63361</subfield>
  </datafield>
  <datafield tag="700" ind1="0" ind2=" ">
    <subfield code="a">&#xE01;&#xE33;&#xE44;&#xE25; &#xE40;&#xE23;&#xE35;&#xE22;&#xE19;&#xE2B;&#xE31;&#xE15;&#xE16;&#xE01;&#xE23;&#xE23;&#xE21;.</subfield>
    <subfield code="9">63362</subfield>
  </datafield>
  <datafield tag="700" ind1="0" ind2=" ">
    <subfield code="a">&#xE02;&#xE27;&#xE31;&#xE0D;&#xE0A;&#xE19;&#xE01; &#xE2A;&#xE34;&#xE19;&#xE2A;&#xE27;&#xE19;&#xE41;&#xE15;&#xE07;.</subfield>
    <subfield code="9">63364</subfield>
  </datafield>
  <datafield tag="700" ind1="0" ind2=" ">
    <subfield code="a">&#xE09;&#xE31;&#xE15;&#xE23;&#xE0A;&#xE31;&#xE22; &#xE2D;&#xE34;&#xE19;&#xE17;&#xE31;&#xE19;&#xE41;&#xE01;&#xE49;&#xE27;.</subfield>
    <subfield code="9">63365</subfield>
  </datafield>
  <datafield tag="700" ind1="0" ind2=" ">
    <subfield code="a">&#xE19;&#xE34;&#xE1E;&#xE34;&#xE10;&#xE1E;&#xE19;&#xE18;&#xE4C; &#xE21;&#xE32;&#xE25;&#xE31;&#xE22;&#xE27;&#xE07;&#xE28;&#xE4C;&#xE2A;&#xE01;&#xE38;&#xE25;.</subfield>
    <subfield code="9">63367</subfield>
  </datafield>
  <datafield tag="850" ind1=" " ind2=" ">
    <subfield code="a">NALT</subfield>
  </datafield>
  <datafield tag="942" ind1=" " ind2=" ">
    <subfield code="2">lcc</subfield>
    <subfield code="c">GB</subfield>
  </datafield>
  <datafield tag="996" ind1=" " ind2=" ">
    <subfield code="a">chunbijaya.r</subfield>
    <subfield code="b">CATSTF	</subfield>
    <subfield code="c">2024-03-08</subfield>
  </datafield>
  <datafield tag="996" ind1=" " ind2=" ">
    <subfield code="a">jamriang.p</subfield>
    <subfield code="b">CATSTF	</subfield>
    <subfield code="c">2024-03-14</subfield>
  </datafield>
  <datafield tag="999" ind1=" " ind2=" ">
    <subfield code="c">104846</subfield>
    <subfield code="d">104846</subfield>
  </datafield>
  <datafield tag="998" ind1=" " ind2=" ">
    <subfield code="j">1524</subfield>
    <subfield code="k"> &#xE19;&#xE32;&#xE07;&#xE2A;&#xE32;&#xE27;&#xE28;&#xE23;&#xE31;&#xE13;&#xE22;&#xE4C;&#xE20;&#xE23;  &#xE0A;&#xE33;&#xE19;&#xE32;&#xE0D;&#xE1B;&#xE48;&#xE32;</subfield>
  </datafield>
  <datafield tag="952" ind1=" " ind2=" ">
    <subfield code="0">0</subfield>
    <subfield code="1">0</subfield>
    <subfield code="2">lcc</subfield>
    <subfield code="4">0</subfield>
    <subfield code="7">0</subfield>
    <subfield code="8">CGBL</subfield>
    <subfield code="a">NALT</subfield>
    <subfield code="b">NALT</subfield>
    <subfield code="c">GEN</subfield>
    <subfield code="d">2024-03-08</subfield>
    <subfield code="l">0</subfield>
    <subfield code="o">QK 617 &#xE13;328&#xE2B; 2563</subfield>
    <subfield code="p">3961222884</subfield>
    <subfield code="r">2024-04-03 00:00:00</subfield>
    <subfield code="t">&#xE09;.1</subfield>
    <subfield code="w">2024-03-08</subfield>
    <subfield code="y">GB</subfield>
  </datafield>
  <datafield tag="952" ind1=" " ind2=" ">
    <subfield code="0">0</subfield>
    <subfield code="1">0</subfield>
    <subfield code="2">lcc</subfield>
    <subfield code="4">0</subfield>
    <subfield code="7">0</subfield>
    <subfield code="8">CGBL</subfield>
    <subfield code="a">NALT</subfield>
    <subfield code="b">NALT</subfield>
    <subfield code="c">GEN</subfield>
    <subfield code="d">2024-03-08</subfield>
    <subfield code="l">0</subfield>
    <subfield code="o">QK 617 &#xE13;328&#xE2B; 2563</subfield>
    <subfield code="p">3961222886</subfield>
    <subfield code="r">2024-04-03 00:00:00</subfield>
    <subfield code="t">&#xE09;.2</subfield>
    <subfield code="w">2024-03-08</subfield>
    <subfield code="y">GB</subfield>
  </datafield>
</record>
